000 00412nam a2200169Ia 4500
005 20250508160828.0
008 008 250505s9999 xx 000 0 eng d
037 _aTextual
040 _aFEDL
_beng
_cFEDL
041 _aeng
_2eng
084 _a915.4, RAY
_qFEDL
100 _aRay A C
_9769477
245 0 _aMizoram
300 _a25p.
942 _cTEXL
_h915.4, RAY
999 _c1366851
_d1366851